Urológia az alapellátásban
Elmentve itt :
| Szerző: | |
|---|---|
| Dokumentumtípus: | Cikk |
| Megjelent: |
2024
|
| Sorozat: | HÁZIORVOS TOVÁBBKÉPZŐ SZEMLE
29 No. 9 |
| Tárgyszavak: | |
| mtmt: | 35608295 |
| Online Access: | http://publicatio.bibl.u-szeged.hu/36491 |
| LEADER | 00613nab a2200193 i 4500 | ||
|---|---|---|---|
| 001 | publ36491 | ||
| 005 | 20250416101307.0 | ||
| 008 | 250416s2024 hu o 000 hun d | ||
| 022 | |a 1219-8641 | ||
| 024 | 7 | |a 35608295 |2 mtmt | |
| 040 | |a SZTE Publicatio Repozitórium |b hun | ||
| 041 | |a hun | ||
| 100 | 1 | |a Bajory Zoltán | |
| 245 | 1 | 0 | |a Urológia az alapellátásban |h [elektronikus dokumentum] / |c Bajory Zoltán |
| 260 | |c 2024 | ||
| 300 | |a 535-535 | ||
| 490 | 0 | |a HÁZIORVOS TOVÁBBKÉPZŐ SZEMLE |v 29 No. 9 | |
| 650 | 4 | |a Klinikai orvostan | |
| 856 | 4 | 0 | |u http://publicatio.bibl.u-szeged.hu/36491/7/35608295.pdf |z Dokumentum-elérés |